|
|
|
|
| LEADER |
00000cam a22000004a 4500 |
| 001 |
musev2_14906 |
| 003 |
MdBmJHUP |
| 005 |
20230905041629.0 |
| 006 |
m o d |
| 007 |
cr||||||||nn|n |
| 008 |
101029s2011 inu o 00 0 eng d |
| 010 |
|
|
|z 2010044563
|
| 020 |
|
|
|a 9781612491943
|
| 020 |
|
|
|z 9781557535900
|
| 020 |
|
|
|z 1612491944
|
| 020 |
|
|
|z 1612491782
|
| 020 |
|
|
|z 9781612491783
|
| 020 |
|
|
|z 1557535906
|
| 035 |
|
|
|a (OCoLC)809317740
|
| 040 |
|
|
|a MdBmJHUP
|c MdBmJHUP
|
| 041 |
1 |
|
|a eng
|h ger
|
| 050 |
0 |
4 |
|a PT2617.O47
|b A2 2011
|
| 082 |
0 |
|
|a 838/.912
|2 22
|
| 100 |
1 |
|
|a Hofmannsthal, Hugo von,
|d 1874-1929.
|
| 240 |
1 |
0 |
|a Selections.
|l English.
|f 2011
|
| 245 |
1 |
0 |
|a Hugo von Hofmannsthal and the Austrian Idea :
|b Selected Essays and Addresses, 1906-1927 /
|c translated and edited by David S. Luft.
|
| 264 |
|
1 |
|a West Lafayette, Ind. :
|b Purdue University Press,
|c 2011.
|
| 264 |
|
3 |
|a Baltimore, Md. :
|b Project MUSE,
|c 2012
|
| 264 |
|
4 |
|c ©2011.
|
| 300 |
|
|
|a 1 online resource (216 pages).
|
| 336 |
|
|
|a text
|b txt
|2 rdacontent
|
| 337 |
|
|
|a computer
|b c
|2 rdamedia
|
| 338 |
|
|
|a online resource
|b cr
|2 rdacarrier
|
| 490 |
0 |
|
|a Central European studies
|
| 504 |
|
|
|a Includes bibliographical references and index.
|
| 505 |
0 |
|
|a Introduction -- The poet and our time (1906) -- Boycott of foreign languages? (1914) -- The affirmation of Austria (1914) -- Our foreign words (1914) -- We Austrians and Germany (1915) -- Grillparzer's political legacy (1915) -- Austria in the mirror of its literature (1916)-- The idea of Europe (1916) -- The Austrian idea (1917) -- The Prussian and the Austrian (1917) -- Adam Muller's twelve lectures on eloquence (1920) -- Three small observations -- K. E. Neumann's translation of the holy writings of the Buddhists (1921) -- View of the spiritual condition of Europe (1922) -- New German contributions (1921) -- Czech and Slovak folk songs (1922) -- Address on Grillparzer (1922) -- Stifter's Indian summer (1924) -- The written word as the spiritual space of the nation (1927) -- The value and dignity of the German language (1927) -- Bibliography.
|
| 588 |
|
|
|a Description based on print version record.
|
| 600 |
1 |
0 |
|a Hofmannsthal, Hugo von,
|d 1874-1929
|v Translations into English.
|
| 655 |
|
7 |
|a Electronic books.
|2 local
|
| 700 |
1 |
|
|a Luft, David S.
|
| 710 |
2 |
|
|a Project Muse.
|e distributor
|
| 830 |
|
0 |
|a Book collections on Project MUSE.
|
| 856 |
4 |
0 |
|z Texto completo
|u https://projectmuse.uam.elogim.com/book/14906/
|
| 945 |
|
|
|a Project MUSE - Custom Collection
|
| 945 |
|
|
|a Project MUSE - 2011 Complete
|
| 945 |
|
|
|a Project MUSE - 2011 Literature
|